| 000 | 00624nam a2200193 a 4500 | ||
|---|---|---|---|
| 001 | 000018571 | ||
| 005 | 20200929165826.0 | ||
| 008 | 100511nuuuuuuuufr a r 000 f spa d | ||
| 040 |
_aDO-SdBNP _bspa _cBNPHU |
||
| 082 |
_a843.8 _bG643j |
||
| 100 | 1 |
_aSue, Eugéne, _d1804-1857 _913800 |
|
| 245 | 1 | 3 |
_aEl judío errante / _cEugenio Sue ; traducción al español Claudio Santos González. |
| 260 |
_aParís : _bGarnier Hermanos, _c[s. f.]. |
||
| 300 | _aT.1. | ||
| 500 | _aBiblioteca posee tomo 1 | ||
| 650 | 4 |
_aNovela francesa _91075 |
|
| 650 | 4 |
_aLiteratura francesa _91074 |
|
| 700 | 1 |
_aSantos González, Claudio, _etr. _940161 |
|
| 999 |
_c18091 _d18091 |
||